| 000 | 00541nam a2200229Ia 4500 | ||
|---|---|---|---|
| 003 | OSt | ||
| 005 | 20220918204411.0 | ||
| 006 | a|||||r|||| 00| 0 | ||
| 007 | ta | ||
| 008 | 220917b |||||||| |||| 00| 0 eng d | ||
| 024 | _a112,532 | ||
| 037 | _cTextual | ||
| 040 |
_aARTS _cARTS _beng |
||
| 041 |
_2eng _aeng |
||
| 082 | _aV53:21y7K38, K4 | ||
| 100 |
_aCronn V _9111929 |
||
| 245 | 0 | _aLouis XIV | |
| 260 | _c1964 | ||
| 650 | _aHISTORY | ||
| 942 |
_hV53:21y7K38, K4 _cTEXL _2CC |
||
| 999 |
_c235881 _d235881 |
||